Právní pojmy pro podnikatele.
Uvedenie pojmov potrebných pre podnikateľov: klamlivá reklama, klamlivé označenie tovaru a služieb, vyvolanie nebezpečia zámeny, parazitovanie na povesti, podplácanie, zľahčovanie, porušenie obchodného tajomstva.
Saved in:
| Main Author: | |
|---|---|
| Format: | Book Chapter |
| Language: | Czech |
| Subjects: | |
| Tags: |
No Tags, Be the first to tag this record!
|
MARC
| LEADER | 00000naa a2200000 4500 | ||
|---|---|---|---|
| 001 | r008605 | ||
| 005 | 20220831084009.5 | ||
| 041 | 0 | |a cze | |
| 044 | |a [CS] | ||
| 245 | 1 | 0 | |a Právní pojmy pro podnikatele. |c Jiří Nesnídal |
| 520 | |a Uvedenie pojmov potrebných pre podnikateľov: klamlivá reklama, klamlivé označenie tovaru a služieb, vyvolanie nebezpečia zámeny, parazitovanie na povesti, podplácanie, zľahčovanie, porušenie obchodného tajomstva. | ||
| 610 | 2 | 0 | |a reklama klamlivá |
| 610 | 2 | 0 | |a pojmy |
| 610 | 2 | 0 | |a terminológia |
| 610 | 2 | 0 | |a podnikatelia |
| 610 | 2 | 0 | |a zákonník obchodný |
| 610 | 2 | 0 | |a reklama |
| 610 | 2 | 0 | |a korupcia |
| 610 | 2 | 0 | |a súťaž nekalá |
| 100 | 1 | |a Nesnídal, Jiří | |